This Nuclear Night of Winter Light (Record no. 346882)

000 -LEADER
fixed length control field 00243 a2200097 4500
090 ## - LOCALLY ASSIGNED LC-TYPE CALL NUMBER (OCLC); LOCAL CALL NUMBER (RLIN)
-- 4439
-- 4439
100 ## - MAIN ENTRY--PERSONAL NAME
Personal name Irshad Ullah Khan
245 ## - TITLE STATEMENT
Title This Nuclear Night of Winter Light
260 ## - PUBLICATION, DISTRIBUTION, ETC.
Place of publication, distribution, etc. Eastern
Name of publisher, distributor, etc. Islamabad
Date of publication, distribution, etc. 2001
942 ## - ADDED ENTRY ELEMENTS (KOHA)
Institution code [OBSOLETE] NBS
Koha item type Book
Call number prefix 821 KHA
Holdings
Withdrawn status Lost status Damaged status Not for loan Permanent Location Current Location Date acquired Total Checkouts Full call number Barcode Date last seen Date last checked out Price effective from Koha item type
        Central Library (CL) Central Library (CL) 08/28/2013 2 821 KHA NBS4584 06/16/2022 01/31/2022 08/28/2013 Book
© 2023 Central Library, National University of Sciences and Technology. All Rights Reserved.